000
00409nam a2200133Ia 4500
008
100328s9999 xx 000 0 und d
082
_b
66747
100
_a
गाडे सोपान.
245
_a
साहेब-शरद पवार.
260
_b
आविष्कार.
630
_a
साहेब-शरद पवार.
730
_a
साहेब-शरद पवार.
942
_c
BOOK
999
_c
552486
_d
552483